| 000 | 00000nam##2200000za#4500 |
| 001 | 9.675974 |
| 003 | CaOODSP |
| 005 | 20250403105548 |
| 007 | cr ||||||||||| |
| 008 | 150407|1998||||xxc|||||o f|0| 0 fre|d |
| 040 | |aCaOODSP|bfre |
| 041 | |aeng |
| 041 | |afre |
| 043 | |an-cn--- |
| 086 | 1 |aCS95-F0180/1998-1-PDF |
| 245 | 00|aProfil des circonscriptions électorales fédérales du recensement de 1996 (Représentation de 1996) : |h[ressource électronique]|bautochtones, origine ethnique et minorités visibles |
| 260 | |aOttawa - Ontario : |bStatistique Canada |c1998. |
| 500 | |aPartie 1 de 6. Publication du recensement historique numérisé par Statistique Canada. |
| 546 | |aBilangue. |
| 590 | |a12-44-Supp|b2012-12-13 |
| 691 | 07|aDonnées du recensement|2gcpds |
| 691 | 07|aRecensement|2gcpds |
| 710 | 2 |aStatistique Canada. |
| 791 | |t1996 Census profile of federal electoral districts (1996 representation) : |eeng|w(CaOODSP)9.675973 |
| 856 | 40|ahttp://publications.gc.ca|qPDF|s18.0 Mo|uhttps://publications.gc.ca/collections/collection_2012/statcan/rh-hc/CS95-F0180-1998-1.pdf |